| Tag |
First Indicator |
Second Indicator |
Subfields |
| LEADER |
00000cmm a2200000 a 4500 |
| 001 |
in00000006228 |
| 005 |
20151001050037.0 |
| 007 |
co mg- |
| 008 |
991110s1999 ncu m f eng d |
| 020 |
|
|
|c $17.00
|
| 035 |
|
|
|a (OCoLC)42799755
|
| 035 |
|
|
|9 AJL4284AM
|
| 037 |
|
|
|a 055-000-00630-0
|b GPO
|
| 040 |
|
|
|a GPO
|c GPO
|d DLC
|d MvI
|d UtOrBLW
|
| 049 |
|
|
|a UDOC
|
| 074 |
|
|
|a 0431-R
|
| 086 |
0 |
|
|a EP 1.104:AI 7/CD
|
| 245 |
0 |
0 |
|a AIRSExecutive plus.
|
| 246 |
3 |
|
|a AIRS Executive plus
|
| 250 |
|
|
|a Version 2.
|
| 264 |
|
1 |
|a RTP [Research Triangle Park], NC :
|b US Environmental Protection Agency, Office of Air Quality Planning & Standards, Information Transfer & Program Integration Division ;
|c [1999]
|
| 264 |
|
2 |
|a [Washington, D.C.] :
|b [Supt. of Docs., U.S. G.P.O., distributor],
|
| 300 |
|
|
|a 1 CD-ROM :
|b color ;
|c 4 3/4 in.
|
| 336 |
|
|
|a computer program
|b cop
|2 rdacontent
|
| 337 |
|
|
|a computer
|b c
|2 rdamedia
|
| 338 |
|
|
|a computer disc
|b cd
|2 rdacarrier
|
| 500 |
|
|
|a Shipping List #: 2000-0004-E
|
| 500 |
|
|
|a Shipping List Date: 10/19/1999
|
| 516 |
|
|
|a Computer program and data.
|
| 538 |
|
|
|a System requirements: Windows-based PC; 10 MB available hard disk space; Windows 95/NT4 (or later); CD-ROM drive.
|
| 500 |
|
|
|a Title from title screen.
|
| 516 |
8 |
|
|a ISO 9660 format.
|
| 500 |
|
|
|a Shipping list number: 2000-0004-E.
|
| 500 |
|
|
|a "June 1999."
|
| 500 |
|
|
|a "August 1999"--Disc label.
|
| 538 |
|
|
|a Disc characteristics: CD-ROM.
|
| 520 |
|
|
|a Summaries of air pollution data for the United States and fifty countries.
|
| 500 |
|
|
|a Electronic resource.
|
| 650 |
|
0 |
|a Air
|x Pollution
|v Databases.
|
| 710 |
1 |
|
|a United States.
|b Environmental Protection Agency.
|b Office of Air Quality Planning and Standards.
|b Information Transfer Group.
|
| 999 |
|
|
|a MARS
|
| 999 |
f |
f |
|s 6e34253c-2e1f-33d1-824c-7d0736b82f39
|i 27c32715-1853-36ce-8595-09236ce3ad14
|t 0
|
| 952 |
f |
f |
|p normal
|a Texas A&M University
|b College Station
|c Sterling C. Evans Library
|d Evans: US Documents CD-ROMs (Annex 5th floor)
|t 0
|e EP 1.104:AI 7/CD
|h Superintendent of Documents classification
|i computer -- computer disc
|m A14826114604
|
| 998 |
f |
f |
|a EP 1.104:AI 7/CD
|t 0
|l Evans: US Documents CD-ROMs (Annex 5th floor)
|